| 000 | 00499nam a2200157 a 4500 | ||
|---|---|---|---|
| 001 | 000039855 | ||
| 005 | 20201002033755.0 | ||
| 008 | 130725s1999 cl a 000 0 spa d | ||
| 040 |
_aDO-SdBNP _bspa _cBNPHU |
||
| 082 | _axxx | ||
| 100 | 1 |
_aPeña Muñoz, Manuel, _d1951- _956115 |
|
| 245 | 1 | 0 |
_aAyer soñé con Valparaiso / _cManuel Peña Muñoz. |
| 246 | 1 | 4 |
_aAyer soñé con Valparaiso : _bcrónicas porteñas |
| 260 |
_aSantiago de Chile : _bRil editores, _c1999. |
||
| 300 |
_a327 p. : _bil. ; _c22 cm. |
||
| 999 |
_c39345 _d39345 |
||